00659nam a2200157Ia 4500001000700000003000500007008004100012010001100053040000900064082001900073100007500092245007300167260010600240300002800346650012700374Z_3465CHAP220113s2000 xx 000 0 und d a166578 cCHAP a636.39 R4 2000 aReunión Nacional sobre Caprinocultura (15: 2000:Mérida, Yucatán) aMemorias /cpor Asociación Mexicana de Producción Caprina, A.C. aMéxico :bUniversidad Autónoma de Yucatán. Facultad de Medicina Veterinaria y Zootecnia,c2000 a221 p. cuad. ; gráfs. aGanado cabríoxCongresos I. Universidad Autónoma de Yucatán II. Asociación Mexicana de Producción Caprina, A.C.